[Event "Oz.com qual blitz"]
[Site "ICC INT"]
[Date "2000.03.05"]
[Round "5"]
[White "Kosteniuk, Alexandra"]
[Black "Serper, Grigory"]
[Result "0-1"]
[WhiteElo "2409"]
[BlackElo "2587"]
[PlyCount "80"]
[EventDate "2000.03.05"]
[EventType "swiss (blitz)"]
[EventRounds "9"]
[EventCountry "USA"]
[SourceTitle "EXT 2001"]
[Source "ChessBase"]
[SourceDate "2000.11.22"]
[SourceVersion "1"]
[SourceVersionDate "2000.11.22"]
[SourceQuality "1"]

1. e4 c5 2. Nf3 e6 3. c4 Nc6 4. Nc3 Nd4 5. Be2 a6 6. O-O Qc7 7. Re1 Bd6 8. h3
Ne7 9. Bf1 Nxf3+ 10. Qxf3 Nc6 11. Ne2 O-O 12. Qe3 Nb4 13. Qb3 b5 14. d4 bxc4
15. Qxc4 cxd4 16. Nxd4 Qxc4 17. Bxc4 Bc5 18. Nb3 Bb6 19. Rd1 Bb7 20. e5 Rac8
21. Bf1 Bd5 22. Be3 Bxe3 23. fxe3 Nc2 24. Rac1 Nxe3 25. Re1 Nxf1 26. Kxf1 Rb8
27. Rc3 Rfc8 28. Rec1 Rxc3 29. Rxc3 Kf8 30. Kf2 Ke7 31. g4 a5 32. Rc7 Bxb3 33.
axb3 Rxb3 34. Rc2 Rxh3 35. Rc5 Rb3 36. Rxa5 Rxb2+ 37. Kf3 Rb3+ 38. Kf4 h6 39.
Rc5 g5+ 40. Ke4 Rg3 0-1

[Event "Oz.com qual blitz"]
[Site "ICC INT"]
[Date "2000.03.05"]
[Round "7"]
[White "Kosteniuk, Alexandra"]
[Black "Aigner, Michael"]
[Result "1-0"]
[WhiteElo "2409"]
[BlackElo "2054"]
[PlyCount "81"]
[EventDate "2000.03.05"]
[EventType "swiss (blitz)"]
[EventRounds "9"]
[EventCountry "USA"]
[SourceTitle "EXT 2001"]
[Source "ChessBase"]
[SourceDate "2000.11.22"]
[SourceVersion "1"]
[SourceVersionDate "2000.11.22"]
[SourceQuality "1"]

1. e4 e5 2. Nc3 Nc6 3. Bc4 Bc5 4. Qg4 g6 5. Qf3 f6 6. d3 Nd4 7. Qd1 c6 8. Nge2
Ne7 9. Nxd4 Bxd4 10. Bh6 d5 11. exd5 Nxd5 12. Nxd5 cxd5 13. Bb5+ Kf7 14. c3 Bb6
15. O-O Be6 16. Kh1 Qg8 17. f4 e4 18. dxe4 dxe4 19. Qe2 f5 20. Rad1 Qc8 21. Bg5
h6 22. Bh4 Qc5 23. Bf2 Qc7 24. Bd4 Bxd4 25. Rxd4 Rhd8 26. Bc4 Rxd4 27. Bxe6+
Kxe6 28. cxd4 Rd8 29. Qf2 Qc4 30. Rd1 Qxa2 31. Qc2 Qd5 32. Qc7 Qd7 33. Qe5+ Kf7
34. d5 Re8 35. Qd4 b6 36. Kg1 Rc8 37. d6 Rd8 38. Qd5+ Qe6 39. Qb7+ Rd7 40. Qc8
Rxd6 41. Qc7+ 1-0

[Event "Oz.com qual blitz"]
[Site "ICC INT"]
[Date "2000.03.05"]
[Round "8"]
[White "Sabas, Jorge Luis"]
[Black "Kosteniuk, Alexandra"]
[Result "0-1"]
[WhiteElo "2260"]
[BlackElo "2409"]
[PlyCount "80"]
[EventDate "2000.03.05"]
[EventType "swiss (blitz)"]
[EventRounds "9"]
[EventCountry "USA"]
[SourceTitle "EXT 2001"]
[Source "ChessBase"]
[SourceDate "2000.11.22"]
[SourceVersion "1"]
[SourceVersionDate "2000.11.22"]
[SourceQuality "1"]

1. d4 f5 2. c4 Nf6 3. Nc3 g6 4. g3 Bg7 5. Bg2 O-O 6. Nf3 d6 7. d5 a5 8. O-O Qe8
9. Nd4 Na6 10. Rb1 Bd7 11. b3 c6 12. Bg5 Nc5 13. a3 Nce4 14. Nxe4 Nxe4 15. Bxe4
fxe4 16. Qd2 Qf7 17. Be3 cxd5 18. cxd5 Qxd5 19. Rfd1 a4 20. Qb4 b5 21. Rd2 axb3
22. Nxb3 Qc4 23. Nd4 Ra4 24. Qb2 Rfa8 25. Rc1 Qf7 26. Rc3 Rc4 27. Rb3 Rac8 28.
Kg2 Bc6 29. Qa2 Bxd4 30. Bxd4 e3+ 31. f3 exd2 32. Rd3 Bd5 33. Qxd2 Rc2 34. Qe3
Bc4 35. Rd2 Rxd2 36. Qxd2 e5 37. Bc3 Qd5 38. Qg5 Bxe2 39. Kh3 Qxf3 40. Qe7 Bf1+
0-1

[Event "RUS-ch (Women)"]
[Site "Elista"]
[Date "2000.05.11"]
[Round "1"]
[White "Kosteniuk, Alexandra"]
[Black "Saunina, Ludmila"]
[Result "1/2-1/2"]
[WhiteElo "2409"]
[BlackElo "2260"]
[PlyCount "89"]
[EventDate "2000.05.11"]
[EventType "swiss"]
[EventRounds "9"]
[EventCountry "RUS"]
[SourceTitle "CBM 076 Extra"]
[Source "ChessBase"]
[SourceDate "2000.07.11"]
[SourceVersion "1"]
[SourceVersionDate "2000.07.11"]
[SourceQuality "1"]

1. e4 e6 2. Nf3 d5 3. Nc3 Nf6 4. e5 Nfd7 5. d4 c5 6. dxc5 Nc6 7. Bf4 Nxc5 8.
Bd3 d4 9. Ne4 Nxd3+ 10. cxd3 Qa5+ 11. Ned2 Be7 12. O-O O-O 13. Re1 b6 14. Re4
Qd5 15. Qa4 Rd8 16. Bg3 a5 17. Qd1 a4 18. Ne1 Ba6 19. Ndf3 Qb5 20. Qd2 Qb4 21.
Qe2 a3 22. b3 Qc3 23. Rd1 Rd7 24. Bh4 Bf8 25. Bg5 Nb4 26. Rh4 Bb7 27. h3 Rc8
28. Nh2 g6 29. Ng4 Nd5 30. Nf3 Qb2 31. Nxd4 Qxe2 32. Nxe2 Rc2 33. Nf4 Bg7 34.
Nxd5 Rxd5 35. Nf6+ Bxf6 36. Bxf6 Rxa2 37. Rc4 Rc5 38. Be7 Rxe5 39. Rc7 Ba6 40.
Bf6 Rf5 41. Bd4 Rd5 42. Bf6 Rf5 43. Bd4 Rd5 44. Bf6 Rf5 45. Bd4 1/2-1/2

[Event "RUS-ch (Women)"]
[Site "Elista"]
[Date "2000.05.12"]
[Round "2"]
[White "Korbut, Ekaterina"]
[Black "Kosteniuk, Alexandra"]
[Result "1/2-1/2"]
[WhiteElo "2294"]
[BlackElo "2409"]
[PlyCount "103"]
[EventDate "2000.05.11"]
[EventType "swiss"]
[EventRounds "9"]
[EventCountry "RUS"]
[SourceTitle "CBM 076 Extra"]
[Source "ChessBase"]
[SourceDate "2000.07.11"]
[SourceVersion "1"]
[SourceVersionDate "2000.07.11"]
[SourceQuality "1"]

1. e4 c5 2. Nf3 e6 3. Nc3 d6 4. d4 cxd4 5. Nxd4 Nf6 6. Bc4 Nc6 7. Be3 a6 8. Bb3
Be7 9. f4 O-O 10. Qf3 Nxd4 11. Bxd4 b5 12. O-O-O Bb7 13. Rhe1 Bc6 14. Qe2 b4
15. Nd5 Bb5 16. Nxe7+ Qxe7 17. Qe3 a5 18. Bxf6 Qxf6 19. Rxd6 Qe7 20. Rb6 Rab8
21. Rxb8 Rxb8 22. c4 Rc8 23. Kb1 Bxc4 24. Rc1 Ba6 25. Rxc8+ Bxc8 26. Qd4 Qc7
27. g3 Bd7 28. Bc2 g6 29. Bd3 Qb7 30. Kc2 a4 31. a3 bxa3 32. bxa3 Qb3+ 33. Kd2
Bb5 34. Bxb5 Qxb5 35. e5 Kg7 36. h4 Qf1 37. Qe3 h6 38. Kc3 Qb1 39. Qd3 Qb3+ 40.
Kd4 Qd5+ 41. Ke3 Qg2 42. Kd4 g5 43. hxg5 hxg5 44. Kc4 Qb2 45. Qe3 gxf4 46. gxf4
Qc2+ 47. Qc3 Qxc3+ 48. Kxc3 Kg6 49. Kd4 Kh5 50. Ke3 Kh4 51. Kd4 Kh3 52. Ke4
1/2-1/2

[Event "RUS-ch (Women)"]
[Site "Elista"]
[Date "2000.05.13"]
[Round "3"]
[White "Kosteniuk, Alexandra"]
[Black "Ovchinnikova, Julia"]
[Result "1-0"]
[WhiteElo "2409"]
[BlackElo "2221"]
[PlyCount "45"]
[EventDate "2000.05.11"]
[EventType "swiss"]
[EventRounds "9"]
[EventCountry "RUS"]
[SourceTitle "CBM 076 Extra"]
[Source "ChessBase"]
[SourceDate "2000.07.11"]
[SourceVersion "1"]
[SourceVersionDate "2000.07.11"]
[SourceQuality "1"]

1. e4 e6 2. Nf3 d5 3. Nc3 d4 4. Ne2 c5 5. Ng3 Nf6 6. Bc4 Nc6 7. d3 Qc7 8. O-O
Bd6 9. Ne1 Bf4 10. Bxf4 Qxf4 11. Nh5 Qg5 12. Nxf6+ gxf6 13. f4 Qh6 14. c3 Bd7
15. Rb1 Rb8 16. Bb5 Rd8 17. Nc2 Rg8 18. Qe1 Qg6 19. Qf2 f5 20. Rbe1 a6 21. Bc4
b5 22. Bd5 exd5 23. exf5+ 1-0

[Event "RUS-ch (Women)"]
[Site "Elista"]
[Date "2000.05.16"]
[Round "6"]
[White "Atalik, Ekaterina"]
[Black "Kosteniuk, Alexandra"]
[Result "1-0"]
[WhiteElo "2356"]
[BlackElo "2409"]
[PlyCount "71"]
[EventDate "2000.05.11"]
[EventType "swiss"]
[EventRounds "9"]
[EventCountry "RUS"]
[SourceTitle "CBM 076 Extra"]
[Source "ChessBase"]
[SourceDate "2000.07.11"]
[SourceVersion "1"]
[SourceVersionDate "2000.07.11"]
[SourceQuality "1"]

1. c4 e5 2. Nc3 Nc6 3. g3 g6 4. Bg2 Bg7 5. Nf3 f5 6. d3 d6 7. Rb1 h6 8. h4 Nf6
9. b4 Be6 10. b5 Ne7 11. Qc2 O-O 12. e4 Qd7 13. Nd5 c6 14. bxc6 bxc6 15. Nxf6+
Rxf6 16. c5 fxe4 17. dxe4 Raf8 18. cxd6 Qxd6 19. Be3 Rxf3 20. Bxf3 Rxf3 21.
Bxa7 Kh7 22. Bc5 Qd7 23. O-O Ng8 24. Rb8 Rd3 25. Qb1 Bc4 26. Rc1 Qg4 27. Qc2
Ba6 28. Ra8 Nf6 29. Rxa6 Rf3 30. Ra3 Rxa3 31. Bxa3 Qh3 32. Qe2 Nh5 33. Bc5 Bf6
34. Be3 Nxg3 35. Qf3 Bxh4 36. Rb1 1-0

[Event "RUS-ch (Women)"]
[Site "Elista"]
[Date "2000.05.17"]
[Round "7"]
[White "Turova, Irina"]
[Black "Kosteniuk, Alexandra"]
[Result "1/2-1/2"]
[WhiteElo "2261"]
[BlackElo "2409"]
[PlyCount "49"]
[EventDate "2000.05.11"]
[EventType "swiss"]
[EventRounds "9"]
[EventCountry "RUS"]
[SourceTitle "CBM 076 Extra"]
[Source "ChessBase"]
[SourceDate "2000.07.11"]
[SourceVersion "1"]
[SourceVersionDate "2000.07.11"]
[SourceQuality "1"]

1. d4 Nf6 2. c4 g6 3. Nc3 Bg7 4. e4 d6 5. f4 O-O 6. Nf3 c5 7. dxc5 dxc5 8. Bd3
Nc6 9. e5 Ne8 10. Be3 f6 11. exf6 Bxf6 12. O-O Nd4 13. Ng5 Ng7 14. Nge4 Ngf5
15. Bf2 b6 16. Nxf6+ exf6 17. Be4 Rb8 18. Bd5+ Kg7 19. Ne2 Nxe2+ 20. Qxe2 Re8
21. Qf3 Ne7 22. Be4 Bf5 23. Bxf5 Nxf5 24. Rad1 Qc7 25. Rd5 1/2-1/2

[Event "RUS-ch (Women)"]
[Site "Elista"]
[Date "2000.05.18"]
[Round "8"]
[White "Kosteniuk, Alexandra"]
[Black "Sirotkina, Nina"]
[Result "1-0"]
[WhiteElo "2409"]
[BlackElo "2284"]
[PlyCount "69"]
[EventDate "2000.05.11"]
[EventType "swiss"]
[EventRounds "9"]
[EventCountry "RUS"]
[SourceTitle "CBM 076 Extra"]
[Source "ChessBase"]
[SourceDate "2000.07.11"]
[SourceVersion "1"]
[SourceVersionDate "2000.07.11"]
[SourceQuality "1"]

1. e4 c5 2. Nf3 e6 3. d4 cxd4 4. Nxd4 a6 5. Nc3 Qc7 6. Be2 b5 7. O-O Bb7 8. Re1
Bb4 9. Bd2 Be7 10. Bf1 d6 11. Qg4 Nf6 12. Qxg7 Rg8 13. Qh6 b4 14. Nce2 Bxe4 15.
Ng3 Bd5 16. Bxb4 Rg6 17. Qd2 h5 18. Ba5 Qd7 19. c4 Bb7 20. Bd3 Rg4 21. Be2 Rg8
22. Bf3 h4 23. Ne4 Nxe4 24. Bxe4 Bxe4 25. Rxe4 h3 26. g3 Qb7 27. f3 Nd7 28.
Rae1 Nc5 29. R4e2 Bg5 30. f4 Bf6 31. Nf5 Be7 32. Nxd6+ Bxd6 33. Qxd6 Rc8 34. b4
Nd7 35. Rxe6+ 1-0

[Event "RUS-ch (Women)"]
[Site "Elista"]
[Date "2000.05.19"]
[Round "9"]
[White "Kovalevskaya, Ekaterina"]
[Black "Kosteniuk, Alexandra"]
[Result "1/2-1/2"]
[WhiteElo "2451"]
[BlackElo "2409"]
[PlyCount "23"]
[EventDate "2000.05.11"]
[EventType "swiss"]
[EventRounds "9"]
[EventCountry "RUS"]
[SourceTitle "CBM 076 Extra"]
[Source "ChessBase"]
[SourceDate "2000.07.11"]
[SourceVersion "1"]
[SourceVersionDate "2000.07.11"]
[SourceQuality "1"]

1. e4 c5 2. Nf3 Nc6 3. Bb5 g6 4. O-O Bg7 5. c3 Nf6 6. e5 Nd5 7. d4 cxd4 8. cxd4
O-O 9. Nc3 Nxc3 10. bxc3 d6 11. exd6 Qxd6 12. a4 1/2-1/2

[Event "Lausanne Master op"]
[Site "Lausanne"]
[Date "2000.05.31"]
[Round "1"]
[White "Kosteniuk, Alexandra"]
[Black "Hamzabegovic, Mersudi"]
[Result "1-0"]
[WhiteElo "2409"]
[BlackElo "2104"]
[PlyCount "53"]
[EventDate "2000.05.31"]
[EventType "swiss"]
[EventRounds "9"]
[EventCountry "SUI"]
[SourceTitle "CBM 076 Extra"]
[Source "ChessBase"]
[SourceDate "2000.07.11"]
[SourceVersion "1"]
[SourceVersionDate "2000.07.11"]
[SourceQuality "1"]

1. e4 e5 2. Nf3 d5 3. Nc3 dxe4 4. Nxe4 Nd7 5. d4 Ngf6 6. Nxf6+ Nxf6 7. Bd3 c5
8. Be3 Qb6 9. O-O cxd4 10. Nxd4 Bc5 11. c3 Nd5 12. b4 Nxe3 13. fxe3 Bxd4 14.
exd4 O-O 15. Qh5 g6 16. Qxe5 Qd8 17. Rf6 Bd7 18. Raf1 Rc8 19. c4 Qc7 20. Qg5
Qd6 21. R1f4 Kg7 22. Rh4 Rh8 23. d5 Qxb4 24. Qe5 Qc5+ 25. Kh1 Kg8 26. Bxg6 Qxd5
27. Bxf7+ 1-0

[Event "Lausanne Master op"]
[Site "Lausanne"]
[Date "2000.06.01"]
[Round "2"]
[White "Van Blitterswijk, Stefan"]
[Black "Kosteniuk, Alexandra"]
[Result "1-0"]
[WhiteElo "2308"]
[BlackElo "2409"]
[PlyCount "91"]
[EventDate "2000.05.31"]
[EventType "swiss"]
[EventRounds "9"]
[EventCountry "SUI"]
[SourceTitle "CBM 076 Extra"]
[Source "ChessBase"]
[SourceDate "2000.07.11"]
[SourceVersion "1"]
[SourceVersionDate "2000.07.11"]
[SourceQuality "1"]

1. e4 c5 2. Nf3 Nc6 3. d4 cxd4 4. Nxd4 Nf6 5. Nc3 d6 6. Bg5 e6 7. Qd2 a6 8.
O-O-O h6 9. Be3 Bd7 10. f3 b5 11. g4 b4 12. Nce2 Ne5 13. Ng3 Rb8 14. h3 Qc7 15.
Kb1 d5 16. f4 Nc4 17. Bxc4 dxc4 18. g5 Ng8 19. Qf2 a5 20. g6 f6 21. f5 e5 22.
Ne6 Bxe6 23. fxe6 Qc6 24. Nf5 b3 25. cxb3 cxb3 26. axb3 Qxe6 27. Rd5 Ne7 28.
Nd6+ Kd7 29. Rd2 Nxg6 30. Bc5 Rg8 31. Ba3 Bxd6 32. Rxd6+ Qxd6 33. Bxd6 Kxd6 34.
Qa7 Ke6 35. Qxa5 Ne7 36. b4 Ra8 37. Qb5 Rgc8 38. Rd1 Rab8 39. Qa6+ Kf7 40. Rd7
Re8 41. Qd6 Rb5 42. Ra7 h5 43. h4 g6 44. Ra6 Kg8 45. Qe6+ Kh7 46. Qf7+ 1-0

[Event "FIDE World Cup-C (Women)"]
[Site "Shenyang"]
[Date "2000.09.01"]
[Round "1"]
[White "Wang, Yu"]
[Black "Kosteniuk, Alexandra"]
[Result "1-0"]
[WhiteElo "2401"]
[BlackElo "2398"]
[PlyCount "61"]
[EventDate "2000.09.01"]
[EventType "tourn"]
[EventRounds "5"]
[EventCountry "CHN"]
[EventCategory "7"]
[SourceTitle "CBM 079"]
[Source "ChessBase"]
[SourceDate "2000.11.21"]
[SourceVersion "1"]
[SourceVersionDate "2000.11.21"]
[SourceQuality "1"]

1. e4 c5 2. Nf3 e6 3. d4 cxd4 4. Nxd4 a6 5. Nc3 Qc7 6. Bd3 Nf6 7. O-O d6 8. a4
b6 9. Kh1 Be7 10. f4 Bb7 11. Qe1 Nbd7 12. Qg3 h5 13. f5 e5 14. Nf3 Rg8 15. Bg5
O-O-O 16. Qe1 Rge8 17. Qe2 Nc5 18. Bxf6 Bxf6 19. Bc4 Kb8 20. Nd5 Bxd5 21. Bxd5
Ka7 22. b4 Nb7 23. a5 b5 24. c4 bxc4 25. Bxc4 d5 26. Bxd5 Rc8 27. Qe3+ Kb8 28.
b5 Qc5 29. Qb3 Qc3 30. Qb1 Rc4 31. Bxb7 1-0

[Event "FIDE World Cup-C (Women)"]
[Site "Shenyang"]
[Date "2000.09.03"]
[Round "3"]
[White "Cramling, Pia"]
[Black "Kosteniuk, Alexandra"]
[Result "1-0"]
[WhiteElo "2484"]
[BlackElo "2398"]
[PlyCount "211"]
[EventDate "2000.09.01"]
[EventType "tourn"]
[EventRounds "5"]
[EventCountry "CHN"]
[EventCategory "7"]
[SourceTitle "CBM 079"]
[Source "ChessBase"]
[SourceDate "2000.11.21"]
[SourceVersion "1"]
[SourceVersionDate "2000.11.21"]
[SourceQuality "1"]

1. d4 f5 2. g3 Nf6 3. Bg2 g6 4. Nf3 Bg7 5. O-O O-O 6. b3 d6 7. Bb2 Qe8 8. c4
Na6 9. Qc2 Rb8 10. Nbd2 b5 11. Rfe1 Kh8 12. a3 bxc4 13. Qxc4 Qb5 14. Qxb5 Rxb5
15. e3 Ne4 16. Rab1 Nxd2 17. Nxd2 c5 18. Bf1 Rb6 19. Bc3 Rb8 20. Rbc1 Bb7 21.
Nc4 cxd4 22. Bxd4 Nc5 23. Bxg7+ Kxg7 24. Na5 Be4 25. b4 Ne6 26. Be2 Rbc8 27. f3
Ba8 28. Kf2 Kf6 29. Ba6 Rc7 30. Rxc7 Nxc7 31. Be2 Rb8 32. Rc1 Ne6 33. Bd1 g5
34. Bb3 g4 35. f4 Bf3 36. h4 Be4 37. Bd1 Ba8 38. Be2 Be4 39. Rc3 h6 40. Bf1 Bf3
41. Bd3 Ba8 42. Nb3 Bd5 43. Nd4 Nxd4 44. exd4 Be4 45. Ba6 Rb6 46. Bf1 Bc6 47.
Ke3 e6 48. Bc4 Ke7 49. d5 exd5 50. Bd3 Ke6 51. Kd4 Bb5 52. Bc2 Bc4 53. Re3+ Kf6
54. Ba4 a5 55. bxa5 Ra6 56. Bc2 Rxa5 57. a4 Rc5 58. Ra3 Ra5 59. Ra1 Ke6 60.
Re1+ Kf7 61. Rb1 Ke6 62. Rb8 Ba2 63. Rh8 Rc5 64. Rxh6+ Ke7 65. Bxf5 Rc4+ 66.
Ke3 d4+ 67. Kf2 Rxa4 68. Bxg4 Bc4 69. Rh7+ Kf6 70. Rh6+ Ke7 71. f5 Ra2+ 72. Kf3
d3 73. f6+ Kf8 74. Bh5 Kg8 75. f7+ Bxf7 76. Bxf7+ Kxf7 77. Rxd6 Ra3 78. Kg4 Ke7
79. Rd4 Ke6 80. h5 Ke5 81. Rd8 Ra4+ 82. Kf3 Kf6 83. Rxd3 Ra5 84. Kg4 Ra4+ 85.
Kh3 Ra5 86. Kh4 Ra1 87. Rd6+ Kg7 88. g4 Ra5 89. Rd7+ Kg8 90. h6 Rb5 91. g5 Rb6
92. Kh5 Rb5 93. Re7 Ra5 94. Kg6 Ra6+ 95. Kf5 Ra1 96. g6 Rf1+ 97. Ke6 Re1+ 98.
Kd7 Rd1+ 99. Kc6 Rc1+ 100. Kd5 Rd1+ 101. Kc4 Rc1+ 102. Kd3 Rd1+ 103. Kc2 Rd8
104. Kc3 Kf8 105. Rc7 Kg8 106. Kc4 1-0

[Event "Chigorin Memorial 08th"]
[Site "St Petersburg"]
[Date "2000.11.04"]
[Round "4"]
[White "Nadyrhanov, Sergey"]
[Black "Kosteniuk, Alexandra"]
[Result "1/2-1/2"]
[WhiteElo "2532"]
[BlackElo "2398"]
[PlyCount "41"]
[EventDate "2000.10.31"]
[EventType "swiss"]
[EventRounds "9"]
[EventCountry "RUS"]
[SourceTitle "EXT 2001"]
[Source "ChessBase"]
[SourceDate "2000.11.22"]
[SourceVersion "1"]
[SourceVersionDate "2000.11.22"]
[SourceQuality "1"]

1. e4 c5 2. Nf3 Nc6 3. Bb5 g6 4. Bxc6 dxc6 5. d3 Bg4 6. Nbd2 Bg7 7. h3 Bxf3 8.
Qxf3 Nf6 9. O-O O-O 10. Qe2 Ne8 11. a4 Nc7 12. Nc4 Ne6 13. f4 b5 14. Ne3 Nd4
15. Qd1 f5 16. c3 Ne6 17. exf5 gxf5 18. axb5 cxb5 19. Qb3 Qb6 20. g4 Kh8 21.
gxf5 1/2-1/2

[Event "Chigorin Memorial 08th"]
[Site "St Petersburg"]
[Date "2000.11.05"]
[Round "5"]
[White "Kosteniuk, Alexandra"]
[Black "Berelowitsch, Alexander"]
[Result "1/2-1/2"]
[WhiteElo "2398"]
[BlackElo "2517"]
[PlyCount "95"]
[EventDate "2000.10.31"]
[EventType "swiss"]
[EventRounds "9"]
[EventCountry "RUS"]
[SourceTitle "EXT 2001"]
[Source "ChessBase"]
[SourceDate "2000.11.22"]
[SourceVersion "1"]
[SourceVersionDate "2000.11.22"]
[SourceQuality "1"]

1. e4 g6 2. d4 Bg7 3. Nc3 d6 4. f4 a6 5. Nf3 b5 6. Bd3 Bb7 7. e5 c5 8. dxc5
dxe5 9. fxe5 Nd7 10. e6 fxe6 11. Be3 Ne5 12. Nxe5 Bxe5 13. Qg4 Nf6 14. Qxe6
Bxc3+ 15. bxc3 Bxg2 16. Rg1 Qd5 17. Qxd5 Bxd5 18. a4 bxa4 19. Rxa4 Bc6 20. Rxa6
Rxa6 21. Bxa6 Nd5 22. Bd4 Rf8 23. Kd2 Kd7 24. Be2 Nf6 25. Rf1 Ne4+ 26. Ke3 Rxf1
27. Bxf1 Nf6 28. Bh3+ Ke8 29. Be6 Nd5+ 30. Kf2 Kf8 31. Kg3 h6 32. c4 Nc7 33.
Bh3 Kf7 34. Bg2 Bxg2 35. Kxg2 Ke6 36. Kf3 Na6 37. Ke4 Nb4 38. Be3 g5 39. Bd2
Nc6 40. Bc3 h5 41. Bd2 g4 42. Bc3 h4 43. Kf4 g3 44. hxg3 hxg3 45. Kxg3 Kd7 46.
Kf4 Nd8 47. Ke5 Kc6 48. Bd4 1/2-1/2

[Event "Chigorin Memorial 08th"]
[Site "St Petersburg"]
[Date "2000.11.09"]
[Round "8"]
[White "Vorobiov, Evgeny E"]
[Black "Kosteniuk, Alexandra"]
[Result "1/2-1/2"]
[WhiteElo "2488"]
[BlackElo "2398"]
[PlyCount "125"]
[EventDate "2000.10.31"]
[EventType "swiss"]
[EventRounds "9"]
[EventCountry "RUS"]
[SourceTitle "EXT 2001"]
[Source "ChessBase"]
[SourceDate "2000.11.22"]
[SourceVersion "1"]
[SourceVersionDate "2000.11.22"]
[SourceQuality "1"]

1. e4 c5 2. Nf3 Nc6 3. d4 cxd4 4. Nxd4 Nf6 5. Nc3 d6 6. Bg5 e6 7. Qd2 a6 8.
O-O-O h6 9. Nxc6 bxc6 10. Bf4 d5 11. Qe3 Be7 12. Be2 O-O 13. Qg3 Kh8 14. Bc7
Qd7 15. Be5 Ne8 16. exd5 cxd5 17. Rd4 f6 18. Bf4 g5 19. Be3 Bd6 20. f4 Ng7 21.
Bd3 Qf7 22. Qf2 Bb7 23. f5 e5 24. h4 exd4 25. hxg5 h5 26. Bxd4 fxg5 27. g4 Kg8
28. Ne2 Bc6 29. f6 Bb5 30. Bxb5 axb5 31. Qe3 Rxa2 32. Rxh5 Ra1+ 33. Kd2 Nxh5
34. gxh5 Bb4+ 35. c3 Qxh5 36. Qe6+ Rf7 37. cxb4 Ra8 38. Ng3 Qh2+ 39. Ne2 Qh5
40. Ng3 Qh2+ 41. Ne2 Rd8 42. Be5 Qf2 43. Bd4 Qh4 44. Qf5 Qh6 45. Nc3 Re8 46.
Nxd5 Qh2+ 47. Kc3 Qg3+ 48. Kc2 Qg2+ 49. Kb3 Qg3+ 50. Nc3 Ref8 51. Be5 Qh4 52.
Ne4 Qh7 53. Qxg5+ Kh8 54. Nc3 Qd3 55. Qh4+ Kg8 56. Qf4 Qh3 57. Qg5+ Kh7 58. Bd4
Qe6+ 59. Kc2 Rxf6 60. Bxf6 Rxf6 61. Qxb5 Rf2+ 62. Kd3 Kg6 63. Qd5 1/2-1/2

[Event "Chigorin Memorial 08th"]
[Site "St Petersburg"]
[Date "2000.11.10"]
[Round "9"]
[White "Kosteniuk, Alexandra"]
[Black "Burmakin, Vladimir"]
[Result "1/2-1/2"]
[WhiteElo "2398"]
[BlackElo "2538"]
[PlyCount "55"]
[EventDate "2000.10.31"]
[EventType "swiss"]
[EventRounds "9"]
[EventCountry "RUS"]
[SourceTitle "EXT 2001"]
[Source "ChessBase"]
[SourceDate "2000.11.22"]
[SourceVersion "1"]
[SourceVersionDate "2000.11.22"]
[SourceQuality "1"]

1. e4 d6 2. d4 Nf6 3. Nc3 g6 4. f4 Bg7 5. Nf3 O-O 6. Bd3 Na6 7. O-O c5 8. d5
Bg4 9. Bc4 Nc7 10. a4 b6 11. h3 Bxf3 12. Qxf3 a6 13. g4 Rb8 14. Qe2 b5 15. axb5
axb5 16. Nxb5 Nxb5 17. Bxb5 Nxe4 18. Re1 f5 19. Bd3 Bxb2 20. Bxb2 Rxb2 21. Bxe4
fxe4 22. Qxe4 Rf7 23. Ra7 Rb4 24. c4 Qf8 25. Rxe7 Rxe7 26. Qxe7 Qxe7 27. Rxe7
Rxc4 28. Rd7 1/2-1/2

[Event "YUG-chT (Women)"]
[Site "Kragujevac"]
[Date "2000.12.12"]
[Round "2"]
[White "Straub, Natalia"]
[Black "Kosteniuk, Alexandra"]
[Result "0-1"]
[WhiteElo "2323"]
[BlackElo "2398"]
[PlyCount "46"]
[EventDate "2000.12.11"]
[EventType "team"]
[EventRounds "11"]
[EventCountry "YUG"]
[SourceTitle "CBM 079 Extra"]
[Source "ChessBase"]
[SourceDate "2001.01.11"]
[SourceVersion "2"]
[SourceVersionDate "2001.01.25"]
[SourceQuality "1"]

1. d4 d5 2. c4 c6 3. Nf3 e6 4. Qc2 Nf6 5. g3 dxc4 6. Qxc4 b5 7. Qc2 Bb7 8. Bg2
Nbd7 9. Ne5 Qb6 10. Be3 c5 11. Nxd7 Nxd7 12. Bxb7 Qxb7 13. O-O Rc8 14. Rc1 Be7
15. dxc5 Nxc5 16. Nc3 O-O 17. b4 Na4 18. Qe4 Qxe4 19. Nxe4 Bxb4 20. Bxa7 Rxc1+
21. Rxc1 f5 22. Nc5 Ba3 23. Nb3 Bxc1 0-1

[Event "YUG-chT (Women)"]
[Site "Kragujevac"]
[Date "2000.12.15"]
[Round "5"]
[White "Kosteniuk, Alexandra"]
[Black "Prudnikova, Svetlana"]
[Result "1/2-1/2"]
[WhiteElo "2398"]
[BlackElo "2428"]
[PlyCount "40"]
[EventDate "2000.12.11"]
[EventType "team"]
[EventRounds "11"]
[EventCountry "YUG"]
[SourceTitle "CBM 079 Extra"]
[Source "ChessBase"]
[SourceDate "2001.01.11"]
[SourceVersion "2"]
[SourceVersionDate "2001.01.25"]
[SourceQuality "1"]

1. e4 e6 2. d4 d5 3. Nd2 c5 4. exd5 Qxd5 5. Ngf3 cxd4 6. Bc4 Qd6 7. O-O Nf6 8.
Nb3 Nc6 9. Nbxd4 Nxd4 10. Nxd4 a6 11. c3 Qc7 12. Bb3 Bd7 13. Re1 O-O-O 14. Qe2
Bd6 15. h3 h6 16. a4 Rhe8 17. a5 e5 18. Nc2 Be6 19. c4 Kb8 20. Be3 Nd7 1/2-1/2

[Event "YUG-chT (Women)"]
[Site "Kragujevac"]
[Date "2000.12.17"]
[Round "7"]
[White "Kosteniuk, Alexandra"]
[Black "Gaponenko, Inna"]
[Result "1-0"]
[WhiteElo "2398"]
[BlackElo "2375"]
[PlyCount "87"]
[EventDate "2000.12.11"]
[EventType "team"]
[EventRounds "11"]
[EventCountry "YUG"]
[SourceTitle "CBM 079 Extra"]
[Source "ChessBase"]
[SourceDate "2001.01.11"]
[SourceVersion "2"]
[SourceVersionDate "2001.01.25"]
[SourceQuality "1"]

1. e4 c5 2. Nf3 d6 3. d4 cxd4 4. Nxd4 Nf6 5. Nc3 g6 6. Be3 Bg7 7. f3 O-O 8. Qd2
Nc6 9. O-O-O d5 10. exd5 Nxd5 11. Nxc6 bxc6 12. Nxd5 cxd5 13. Qxd5 Qc7 14. Qc5
Qb7 15. Qa3 Bf5 16. Bd3 Rfb8 17. b3 a5 18. Bxf5 gxf5 19. Qc5 a4 20. b4 a3 21.
Rd3 Bb2+ 22. Kd1 Qxb4 23. Qxf5 Bg7 24. Rb3 Qc4 25. Qg4 Qd5+ 26. Ke2 Rc8 27. Rc1
Rc4 28. Qg3 Rd8 29. Kf2 Kf8 30. Rxa3 f5 31. Rd3 Qa8 32. Qg5 f4 33. Qf5+ Bf6 34.
Bxf4 Rxd3 35. cxd3 Qxa2+ 36. Kg3 Rxc1 37. Bxc1 Qe2 38. Bh6+ Ke8 39. Qe4 Qf1 40.
Be3 Qe1+ 41. Bf2 Qa5 42. Qxh7 Qe5+ 43. f4 Qe2 44. Qg8+ 1-0